000 00388nam a22001697a 4500
003 OSt
005 20220114135915.0
008 220114b |||||||| |||| 00| 0 eng d
020 _a8126126124
040 _cHU
082 _a536.7
100 _aVeer Udal
_928032
245 _aEncyclopedia Of Thermodynamics
260 _aNew Delhi
_bNew Delhi
300 _f273
942 _2ddc
_cBOOKS
_n0
999 _c27089
_d27089